MDQL
is popping MORE tags! Check the
thread
!
Quizzes
Events
Quiz Creation
Community
Videos
Private Events
Remove Ads
Sign In
Join for FREE
Feedback
Dark Mode
Quiz Categories
Sports
Geography
Music
Movies
Television
Just For Fun
Miscellaneous
History
Literature
Language
Science
Gaming
Entertainment
Religion
Holiday
For Kids
Quiz Lab
Recent
Popular Today
Quiz Kudos Today
Editor Picks
Curator Picks
Quizzes by...
Day
Popularity
Type
Ratings
Length
Year
Community
Subscriptions
Recent Discussions
Orange Saloon
Badges
Playlists
Quests
Create
Leaderboards
Showdown
Live 5
Trivia Bingo
Activity
Puzzle Library
Sporcle Events
Private Events
Virtual Trivia
Globe League
Become a Host
Pub Owners
SporcleCon
Opinionation
Our Games
Videos
Blog
Mobile Apps
Partnerships
Remove Ads and Go Orange
Feedback
Sports
Athletes
MLB
NBA
NHL
NFL
Soccer
Sports Teams
WWE
NCAA
Football
Premier League
Basketball
Baseball
Hockey
Golf
Tennis
Cricket
Rugby
Auto Racing
Olympics
World Cup
Sports
Athletes
MLB
NBA
NHL
NFL
Soccer
Sports Teams
WWE
NCAA
Football
Premier League
Basketball
Baseball
Hockey
Golf
Tennis
Cricket
Rugby
Auto Racing
Olympics
World Cup
Random Quiz
Search Sporcle
×
Quiz Lab
Quiz Lab
Sports
Basketball
Type in answers that appear in a list
Type in answers that appear in a list
Classic
Best Score? Go Orange.
NBA players with the most rebounds Stats
Can you name the NBA players with the most rebounds?
By
MarioCabocolo
15m
50 Questions
78 Plays
78 Plays
78 Plays
Comments
Comments
Give Quiz Kudos
Give Quiz Kudos
-
- Ratings
hide this ad
More Info
Replay
Link that replays current quiz
Next Quiz
Link to next quiz in quiz playlist
You Got
0%
They Got
Avg Score
59%
Avg Friend Score
Upgrade to see
Score Distribution
Jump to the score distribution portion of the page
Score
0/50
Timer
15:00
0
Plays Today
Hint
Answer
% Correct
23924
Wilt Chamberlain
100%
21620
Bill Russell
100%
17440
Kareem Abdul-Jabbar
94.9%
16212
Moses Malone
93.6%
15091
Tim Duncan
93.6%
14968
Karl Malone
93.6%
13748
Hakeem Olajuwon
93.6%
13099
Shaquille O'neal
93.6%
10497
David Robinson
92.3%
11954
Dennis Rodman
88.5%
14715
Robert Parish
84.6%
12546
Charles Barkley
80.8%
11855
Dwight Howard
79.5%
14662
Kevin Garnett
78.2%
10759
Dirk Nowitzki
76.9%
16279
Elvin Hayes
70.5%
12359
Dikembe Mutombo
70.5%
13769
Wes Unseld
69.2%
12849
Bob Pettit
69.2%
10482
Ben Wallace
67.9%
11607
Elgin Baylor
66.7%
10400
Bill Laimbeer
65.4%
10444
Dave Cowens
61.5%
10379
Pau Gasol
61.5%
13017
Buck Williams
57.7%
Hint
Answer
% Correct
12942
Jerry Lucas
57.7%
12205
Charles Oakley
55.1%
14464
Nate Thurmond
53.8%
9443
Horace Grant
53.8%
9473
A.C. Green
51.3%
9083
Johnny Green
51.3%
11256
Dolph Schayes
50%
11901
Kevin Willis
47.4%
9161
Artis Gilmore
46.2%
10816
Jack Sikma
44.9%
9698
Bob Lanier
44.9%
14241
Walt Bellamy
42.3%
9326
Vlade Divac
42.3%
9677
Tyson Chandler
38.5%
10101
Shawn Marion
37.2%
9618
Dave Debusschere
35.9%
9513
Marcus Camby
35.9%
9040
Elton Brand
35.9%
12357
Paul Silas
33.3%
9653
Zach Randolph
32.1%
10370
Otis Thorpe
30.8%
9383
Bailey Howell
15.4%
11463
Bill Bridges
14.1%
10092
Red Kerr
14.1%
9687
Sam Lacey
12.8%
Quiz Playlist
Details
Report
Send in Message
Add To Playlist
More Info:
For KOT4Q aka the G.O.A.T
Classic:
Type in answers that appear in a list
Last Updated: Mar 4, 2017
Quiz Scoreboard
CHALLENGE
Sign Up to Join the Scoreboard
Show All
Scores
Hide
Comments
May contain spoilers
Recently Published
Holiday 10x10 Sorting Gallery
by lukepisani3
Holiday
15m
Two Season TV Shows II
by 123Four
Television
10m
Image Sorting: Flags VI
by Barbecue
Geography
2m
More to Explore
Quiz From the Vault
Featured Blog Post
14 Easter Pick-up Lines to Find Eggs With
hide this ad
You Might Also Like...
Tags
Basketball Quiz
NBA Quiz
Career Rebounding
Rebounding Leaders
rebounds
Top Rebounders
Today's Top Quizzes in Sports
Browse Sports
hide this ad
Today's Top Quizzes in Basketball
Browse Basketball
Top Contributed Quizzes in Sports
1
Les meilleurs buteurs des matchs entre le PSG et l’OM
2
Les entraîneurs de l'OM et du PSG au 21e siècle
3
2022 World Cup Stars
4
Players with Multiple 50 Home Run Seasons
5
Les joueurs passés par le PSG et l'OM
6
FIFA Club World Cup Champions
7
Top 10 NHL Goal Scorers of All Time
8
Criteria MLB: Left Handed Sluggers
9
Les joueurs passés par le LOSC et le RC Lens
10
2023 MLB Unique Player Accomplishments
Explore More
Trending Topics
Harry Potter
Disney
Anime
Marvel
Crossword
Kpop
NBA
WWE
Soccer
NFL
The Office
Country
Puzzle
Song
Pokémon
hide this ad
More By:
MarioCabocolo
Quiz
Plays
Rating
Category
Featured
Created
NBA Chain Game
2,654
3.67
Sports
Jan 18, 2019
NBA Finals MVP's since 1969
107
3.00
Sports
Jan 12, 2019
All the President's First Names in Alphabetical Order
100
3.67
History
Nov 12, 2019
NBA players with the most rebounds
78
3.67
Sports
Mar 3, 2017
NBA All-Star leaders by categories
74
1.00
Sports
Feb 10, 2017
Go to Creator's Profile
Score Distribution
Quiz Creator Spotlight
MarioCabocolo
Follow
Send a Message
Quizzes Created
-
Created Quiz Play Count
-
More By This Creator
Popular Quizzes Today
1
Find the US States - No Outlines Minefield
2
Colored Red Africa Blitz
3
Find the 'City' Movie
4
The Countries of the World
5
Find the US States
6
5x2 Blitz: Bands
7
Find the Countries of Europe - No Outlines Minefield
8
US States
More Sports Quizzes
Soccer Players in 15 Seconds
Published
Trending Quizzes
Colored Red Europe Blitz I
Colored Red Europe Blitz II
Colored Red Africa Blitz II
Colored Red Europe Blitz III
Colored Red Africa Blitz III
Recently Updated
Odd Team Out - Big 4 Players
pecheneg
Quick Pick: 20 Twenties
pecheneg
March Madness Men's Triple Doubles
pecheneg
How Do You Spell That?
pecheneg
Godzilla Movies
pecheneg
Grab Bag: 4-10 Letters
pecheneg
2024 March Madness Bracket
pecheneg
Famous TV Couples
Peacemaker
Champions League XIs: Real Madrid
pecheneg
Largest US Cities 1790-2010
pecheneg
Trending Topics
Crossword
Disney
NBA
Kpop
Marvel
Anime
Harry Potter
Pokémon
The Office
Song
Puzzle
Soccer
WWE
Country
NFL
Your Account Isn't Verified!
In order to create a playlist on Sporcle, you need to verify the email address you used during registration. Go to your
Sporcle Settings
to finish the process.
Report this User
Report this user for behavior that violates our
Community Guidelines
.
Details:
Send Report
Go to the Sporcle.com Mobile Site →
Comments